SpaceTime codes and MIMO Systems (Record no. 247960)
[ view plain ]
| 000 -LEADER | |
|---|---|
| fixed length control field | 00261 a2200109 4500 |
| 001 - CONTROL NUMBER | |
| control field | 12887 |
| 090 ## - LOCALLY ASSIGNED LC-TYPE CALL NUMBER (OCLC); LOCAL CALL NUMBER (RLIN) | |
| -- | 9865 |
| -- | 9865 |
| 100 ## - MAIN ENTRY--PERSONAL NAME | |
| Personal name | Jankiraman,M |
| 245 ## - TITLE STATEMENT | |
| Title | SpaceTime codes and MIMO Systems |
| 260 ## - PUBLICATION, DISTRIBUTION, ETC. | |
| Place of publication, distribution, etc. | LONDON |
| Name of publisher, distributor, etc. | Artech House |
| Date of publication, distribution, etc. | 2004 |
| 300 ## - PHYSICAL DESCRIPTION | |
| Extent | xvi, 327 p |
| Accompanying material | CD-Rom Included |
| 942 ## - ADDED ENTRY ELEMENTS (KOHA) | |
| Institution code [OBSOLETE] | NUST-CAE |
| Withdrawn status | Lost status | Damaged status | Not for loan | Collection code | Permanent Location | Current Location | Date acquired | Total Checkouts | Barcode | Date last seen | Price effective from | Koha item type |
|---|---|---|---|---|---|---|---|---|---|---|---|---|
| College of Aeronautical Engineering (CAE) | College of Aeronautical Engineering (CAE) | 04/03/2017 | CAEN-3385 | 04/05/2017 | 04/05/2017 | Book |
